161 - Né(es) un 10 juin. - Statistiques

Statistiques générales
  • Ce quiz a été pris 18 fois
  • Le résultat moyen est 4 sur 13
Statistiques - réponses
Hint Année de naissance Réponse % Correct
Comédien vu dans "Nos chers voisins" dans le rôle de Issa Leguennec 1982 Issa Doumbia
71%
Actrice et chanteuse française ayant participé à The Voice : La Plus Belle Voix en 2015. Elle reçoit avec Grand Corps Malade une Victoire de la chanson. 1986 Camille Lellouche
64%
Peintre français de "L'origine du monde" (1866). 1819 Gustave Courbet
64%
Chanteuse française pour enfants, conjointe de Jean-Jacques Debout. 1942 Chantal Goya
50%
Chorégraphe français, ancien mari de l'actrice Natalie Portman. 1977 Benjamin Millepied
43%
Ancien entraîneur italien du Real de Madrid. 1959 Carlo Ancelotti
43%
Acteur français connu pour son rôle dans "Les Deschiens". 1959 François Morel
21%
Acteur suisse, vu dans "Fanfan", "Fanfan la Tulipe" et "Indochine". 1964 Vincent Perez
21%
Actrice anglaise, ex-épouse de Hugh Grant, vue dans "Gossip Girls" et "The Royals". 1965 Elizabeth Hurley
14%
Actrice américaine qui donne la réplique à Tom Cruise dans "La Firme" et Michael Douglas dans "Basic Instinct". 1963 Jeanne Tripplehorn
7%
Actrice américaine, membre de l'AFI's 100 Years… 100 Stars, mère de Liza Minnelli. 1922 Judy Garland
7%
Actrice française, elle fit débuter Georges Brassens dans son cabaret. 1918 Patachou
7%
Chanteuse de R&B américaine, veuve de The Notorious B.I.G. 1973 Faith Evans
0%
Aucun quiz correspondant
Distribution des résultats
% des personnes avec chaque résultat
Percentile par nombre de réponses
Votre historique - résultats
Vous n’avez pas pris ce quiz